Estadísticas para Escribir rápido- A-Z

Haz click aquí para tomar la prueba!

Estadísticas generales

  • Esta prueba ha sido tomada 23.569 veces
  • La puntuación promedio es 21 de 26

Estadísticas de respuestas

Letra% Correcto
A
98%
E
95%
B
94%
D
94%
C
93%
F
92%
G
91%
I
91%
H
90%
J
89%
K
88%
L
88%
N
86%
M
83%
O
78%
P
76%
Q
76%
R
75%
S
72%
T
72%
U
69%
W
67%
V
64%
Y
61%
X
59%
Z
57%

Distribución de puntuación

Porcentaje por número respondido

Porcentaje de gente con cada puntuación

Historial de tus puntuaciones

No has tomado esta prueba